Plants from plants: How to grow new house plants for next to nothing (Record no. 27219)

MARC details
000 -LEADER
fixed length control field 00345nam a2200121Ia 4500
082 ## - DEWEY DECIMAL CLASSIFICATION NUMBER
Classification number 58/581
Item number CRA
100 ## - MAIN ENTRY--AUTHOR NAME
Personal name CARYSON, Suzanne
245 #0 - TITLE STATEMENT
Title Plants from plants: How to grow new house plants for next to nothing
260 ## - PUBLICATION, DISTRIBUTION, ETC. (IMPRINT)
Place of publication London
Name of publisher Thames Hudson;1976
650 ## - SUBJECT ADDED ENTRY--TOPICAL TERM
Topical Term House plants
942 ## - ADDED ENTRY ELEMENTS (KOHA)
Koha item type Books
Holdings
Withdrawn status Lost status Damaged status Not for loan Home library Current library Date acquired Full call number Accession Number Koha item type
        RRII Library RRII Library 16/12/2021 58/581 CRA 07846 Books